Statistics for Most Capped International Footballers for Japan

Click here to take the quiz!

General Stats

  • This quiz has been taken 67 times
  • The average score is 9 of 25

Answer Stats

#CapsYearsAnswer% Correct
9982008-Keisuke Honda
84%
11972008-Shinji Kagawa
76%
19771997-2006Hidetoshi Nakata
69%
11522002-2015Yasuhito Endo
67%
41192008-Shinji Okazaki
65%
9982000-2010Shunsuke Nakamura
59%
61142006-Makoto Hasebe
53%
81022010-Maya Yoshida
53%
13912008-Eiji Kawashima
51%
21222008-Yuto Nagatomo
49%
15822000-2010Junichi Inamoto
41%
14891990-2000Kazuyoshi Miura
41%
51161997-2008Yoshikatsu Kawaguchi
39%
71101999-2010Yuji Nakazawa
18%
23742008-2015Atsuto Uchida
16%
22751978-1988Hiromi Hara
16%
15822002-2006Alessandro Santos
12%
21761964-1977Kunishige Kamamoto
12%
21221988-1999Masami Ihara
10%
19771998-2010Seigo Narazaki
10%
17782005-2013Yuichi Komano
10%
25712000-2006Tsuneyasu Miyamoto
8%
12932005-2017Yasuyuki Konno
8%
17781980-1995Satoshi Tsunami
6%
24721988-1995Tetsuji Hashiratani
4%

Score Distribution

Percentile by Number Answered

Percent of People with Each Score

Your Score History

You have not taken this quiz